[Event "KSU-chT 1516 Series 4"]
[Site "Denmark"]
[Date "2016.02.16"]
[Round "6"]
[White "Falkenberg, Jonas"]
[Black "Christiansen, John Molbak"]
[Result "0-1"]
[WhiteElo "1393"]
[BlackElo "1457"]
[PlyCount "56"]
[EventDate "2015.11.04"]
[EventType "team-tourn"]
[EventRounds "7"]
[EventCountry "DEN"]
[SourceTitle "EXT 2025"]
[Source "ChessBase"]
[SourceDate "2024.10.14"]
[SourceVersion "1"]
[SourceVersionDate "2024.10.14"]
[SourceQuality "1"]
[WhiteTeam "Tastrup III"]
[BlackTeam "K41 V"]
[WhiteTeamCountry "DEN"]
[BlackTeamCountry "DEN"]

1. e4 d6 2. d4 Nf6 3. Nc3 g6 4. e5 dxe5 5. d5 Bg7 6. Bc4 0-0 7. Qe2 Nbd7 8. Bg5 Nb6 9. Bxf6 Bxf6 10. Nf3 Bg4 11. Bb3 a5 12. h3 Bxf3 13. gxf3 a4 14. Bc4 Nxc4 15. Qxc4 Qd7 16. 0-0-0 Ra5 17. Qb4 b6 18. Qc4 Rc5 19. Qxa4 Qxa4 20. Nxa4 Ra5 21. Nc3 b5 22. b4 Ra3 23. Kb2 Rfa8 24. Ra1 e4 25. Kc1 Bxc3 26. Rb1 Rxa2 27. fxe4 Ra1 28. Kd1 Rxb1+ 0-1